Re-engaging with sustainability in the Anthropocene era : an institutional approach (Record no. 55613)

MARC details
000 -LEADER
fixed length control field 00802nam a2200193 a 4500
008 - FIXED-LENGTH DATA ELEMENTS--GENERAL INFORMATION
fixed length control field 200720s2018 ||||||||||||||||| || u
020 ## - INTERNATIONAL STANDARD BOOK NUMBER
International Standard Book Number 9781108727693
050 ## - LIBRARY OF CONGRESS CALL NUMBER
Classification number HD 58.7 Hof
100 ## - MAIN ENTRY--PERSONAL NAME
Personal name Jennings, P. Devereaux
245 10 - TITLE STATEMENT
Title Re-engaging with sustainability in the Anthropocene era : an institutional approach
Statement of responsibility, etc. By Andre J. Hoffman and P. Devereaux Jennings
260 ## - PUBLICATION, DISTRIBUTION, ETC.
Place of publication, distribution, etc. Cambridge
Name of publisher, distributor, etc. Cambridge University Press
Date of publication, distribution, etc. 2018
300 ## - PHYSICAL DESCRIPTION
Extent 93 pages
490 ## - SERIES STATEMENT
Series statement Elements in organizational theory
650 #0 - SUBJECT ADDED ENTRY--TOPICAL TERM
Topical term or geographic name entry element SUSTAINABILITY
650 ## - SUBJECT ADDED ENTRY--TOPICAL TERM
Topical term or geographic name entry element ORGANISATIONAL SOCIOLOGY
650 ## - SUBJECT ADDED ENTRY--TOPICAL TERM
Topical term or geographic name entry element ORGANISATIONAL BEHAVIOUR
700 ## - ADDED ENTRY--PERSONAL NAME
Personal name Hoffman, Andrew J
995 ## - RECOMMENDATION 995 [LOCAL, UNIMARC FRANCE]
-- 29.34
-- CBU-MAIN LIBRARY (Kitwe)
-- 1
-- AVAILABLE
-- Jul 27, 2020
-- Main Library Open Access Collection
Holdings
Withdrawn status Lost status Source of classification or shelving scheme Damaged status Not for loan Home library Current library Shelving location Date acquired Total Checkouts Full call number Barcode Date last seen Price effective from Koha item type
          CBU-MAIN LIBRARY, KITWE. CBU-MAIN LIBRARY, KITWE.   11/30/2022   HD 58.7 Hof 750305 11/30/2022 11/30/2022 MONOGRAPH